Statistics for Guess The Lyrics #24

Click here to take the quiz!

General Stats

  • This quiz has been taken 419 times
  • The average score is 137 of 230

Answer Stats

% Correct
I
99%
(I
99%
a
98%
You
97%
you
97%
The
94%
the
94%
me,
91%
me
91%
And
88%
and
88%
love
87%
to
85%
To
85%
we
85%
my
80%
go
79%
so
79%
is
78%
that
76%
of
67%
This
66%
all
65%
For
65%
not
64%
know
63%
could
62%
don't
62%
Don't
62%
can't
60%
I'm
60%
want
57%
Get
56%
heart
56%
at
54%
from
54%
give
54%
got
53%
I've
53%
But
51%
I'll
51%
away
50%
away,
50%
feel
50%
Now
48%
share
48%
(oh)
47%
Take
47%
run
45%
Run
45%
think
45%
need
43%
way
43%
boy
42%
make
41%
night
39%
you've
39%
any
38%
that's
38%
baby,
35%
into
35%
things
35%
more
33%
Tainted
32%
tainted
32%
pain
30%
Sometimes
30%
given
29%
hold
29%
Once
28%
ran)
28%
ran
28%
really
28%
sleep
28%
right
27%
someone
27%
gonna
26%
hurt
26%
though
26%
Touch
26%
touch
26%
please
25%
nowhere
24%
drive
23%
lost
23%
Seems
23%
turn,
23%
stand
21%
tears
21%
toss
20%
nearly
19%
cannot
18%
pack
18%
sorry,
18%
tease
17%
tight
16%
light
15%
pray
15%

Score Distribution

Percentile by Number Answered

Percent of People with Each Score

Your Score History

You have not taken this quiz